Postup rozvíjení prostorové orientace u dětí předškolního věku

Bibliographic Details
Main Author: Kádnerová, Božena (Author)
Format: Article
Language:Czech

MARC

LEADER 00000nab a2200000uu 4500
001 vtls011436862
003 SK-MaSNL
005 20260303145526.0
008 230222| xo |||||||||||||||||cze|
015 |a SNBRB 
035 |a (urnnbn)urn:nbn:sk:snk:ar-002gg5 
035 |a (uuid)3dc585a6-0ce1-453f-956e-d2a9ec2ca792 
035 |a urn:nbn:sk:snk-abcc5h 
040 |a SNKBUCL  |b slo  |c SNKBUCL  |e AACR2 
041 0 |a cze 
044 |a xo  |c SK 
100 1 |a Kádnerová, Božena  |4 aut  |9 63397 
245 1 0 |a Postup rozvíjení prostorové orientace u dětí předškolního věku  |c Božena Kádnerová 
773 0 |t Predškolská výchova : pedagogický časopis pre učiteľky materských škôl  |g Roč. 23, č. 6 (1968-1969), s. [152a]-[152g] 
958 |a OND 
958 |a EUIPO 
958 |a article16 
999 |c 2003642  |d 2005572